Statystyki dla Skąd jest ta partia polityczna?

Kliknij tutaj aby rozwiązać quiz!

Ogólne statystyki

  • Ten quiz został rozwiązany 308 razy
  • Średni wynik to 7 z 18

Statystyki odpowiedzi

PartiaKraj% Poprawnych
Prawo i SprawiedliwośćPolska
86%
Afrykański Kongres NarodowyRPA
84%
Nowy Sojusz FlamandzkiBelgia
74%
Partia RepublikańskaStany Zjednoczone
72%
Fidesz (Związek Młodych Demokratów)Węgry
64%
Unia Chrześcijańsko-DemokratycznaNiemcy
62%
Ruch Pięciu GwiazdWłochy
41%
Partia Konserwatywno-UnionistycznaWielka Brytania
32%
Republika NaprzódFrancja
29%
Sługa LuduUkraina
28%
Socjaldemokratyczna Partia RobotniczaSzwecja
18%
Akcja Niezadowolonych ObywateliCzechy
16%
Nowa DemokracjaGrecja
14%
Partia Ludowa na rzecz Wolności i DemokracjiHolandia
14%
Partia Sprawiedliwości i RozwojuTurcja
10%
Partia Narodowo-LiberalnaRumunia
7%
Partia KongresowaIndie
6%
Partia PracującychBrazylia
4%

Rozkład punktacji

Percentyl według liczby udzielonych odpowiedzi

Procent ludzi z każdym wynikiem

Twoja historia wyników

Nie rozwiązałeś tego quizu